Az avar történelem forrásai, IX Az első avar kaganátus hatalma csúcsán (603-624) /

Elmentve itt :
Bibliográfiai részletek
Szerző: Szádeczky-Kardoss Samu
További közreműködők: Csillik Éva
Dokumentumtípus: Cikk
Megjelent: Akadémiai Kiadó Budapest 1986
Sorozat:Archaeologiai értesítő : a Magyar Régészeti és Művészettörténeti Társulat tudományos folyóirata
Kulcsszavak:Avarok története - forrás, Történeti forrás - avarokról
Tárgyszavak:
Online Access:http://misc.bibl.u-szeged.hu/67973
LEADER 01021nab a2200241 i 4500
001 misc67973
005 20240515091648.0
008 240206s1986 hu o 000 hun d
040 |a SZTE Miscellanea Repozitórium  |b hun 
041 |a hun 
100 2 |a Szádeczky-Kardoss Samu 
245 1 3 |a Az avar történelem forrásai, IX   |h [elektronikus dokumentum] :  |b Az első avar kaganátus hatalma csúcsán (603-624) /  |c  Szádeczky-Kardoss Samu 
260 |a Akadémiai Kiadó  |b Budapest  |c 1986 
300 |a 83-112  |c 29 cm 
300 |a [30] p.  |c 29 cm 
490 0 |a Archaeologiai értesítő : a Magyar Régészeti és Művészettörténeti Társulat tudományos folyóirata 
561 |a Németh Gyula hagyaték 
591 |a OA 6627 
650 4 |a Bölcsészettudományok 
650 4 |a Történettudomány és régészet 
695 |a Avarok története - forrás, Történeti forrás - avarokról 
700 0 1 |a Csillik Éva 
856 4 0 |u http://misc.bibl.u-szeged.hu/67973/1/6627_oa.pdf  |z Dokumentum-elérés